Alianzas público-privadas para una nueva visión estratéfica del desarrollo (Registro nro. 1593)
[ vista simple ]
| 000 -LEADER | |
|---|---|
| fixed length control field | 01475 a2200229 4500 |
| 001 - CONTROL NUMBER | |
| control field | 27469 |
| 005 - DATE AND TIME OF LATEST TRANSACTION | |
| control field | 20260407155549.0 |
| 008 - FIXED-LENGTH DATA ELEMENTS--GENERAL INFORMATION | |
| fixed length control field | 260407a2010 arg spa d |
| 003 - CONTROL NUMBER IDENTIFIER | |
| control field | AR-UNSa-BCEJYS |
| 040 ## - CATALOGING SOURCE | |
| Original cataloging agency | AR-UNSa-BCEJYS |
| Language of cataloging | spa |
| Transcribing agency | AR-UNSa-BCEJYS |
| 080 ## - UNIVERSAL DECIMAL CLASSIFICATION NUMBER | |
| Universal Decimal Classification number | 330.34 |
| Common auxiliary subdivision | Desarrollo Económico |
| 020 ## - INTERNATIONAL STANDARD BOOK NUMBER | |
| International Standard Book Number | 978-92-1-323416-7 |
| 100 1# - MAIN ENTRY--PERSONAL NAME | |
| Personal name | Devlin, Robert |
| 245 10 - TITLE STATEMENT | |
| Title | Alianzas público-privadas para una nueva visión estratéfica del desarrollo |
| 264 #1 - PRODUCTION, PUBLICATION, DISTRIBUTION, MANUFACTURE, AND COPYRIGHT NOTICE | |
| Place of production, publication, distribution, manufacture | Santiago de Chile : |
| Name of producer, publisher, distributor, manufacturer | CEPAL (Comisión Económica para América Latina y el Caribe) |
| Date of production, publication, distribution, manufacture, or copyright notice | 2010 |
| 300 ## - PHYSICAL DESCRIPTION | |
| Extent | 297 p. |
| Dimensions | 22 cm. |
| 505 ## - FORMATTED CONTENTS NOTE | |
| Formatted contents note | 1. El rezago de América Latina - 2. Estrategias de desarrollo a mediano y largo plazo basadas en políticas industriales proactivas: el primer principio - 3. Segundo principio: la alianza público-privada es clave para la formulación e implementación de estrategias nacionales eficaces - 4. Los primeros principios que sustentan el liderazgo del sector público - 5. Primeros principios sobre la gestión de programas e incentivos - 6. Estrategias a mediano y largo plazo sustentadas en alianzas publicos-privadas - 7. Implementación de una visión estratégica - 8. Los tres principales pilares resultantes de nuestros primeros principios - |
| 590 ## - LOCAL NOTE (RLIN) | |
| Local note | niveau_biblio:m niveau_hierar:0 |
| 700 1# - ADDED ENTRY--PERSONAL NAME | |
| Personal name | Moguillansky, Graciela |
| 856 41 - ELECTRONIC LOCATION AND ACCESS | |
| Uniform Resource Identifier | <a href="https://biblioeco.unsa.edu.ar/pmb/images/libros/Alianzas p?blico-privadas-l117931.jpg">https://biblioeco.unsa.edu.ar/pmb/images/libros/Alianzas p?blico-privadas-l117931.jpg</a> |
| Link text | Imagen de portada |
| Electronic format type | image/jpeg |
| 942 ## - ADDED ENTRY ELEMENTS (KOHA) | |
| Koha item type | |
| Withdrawn status | Lost status | Damaged status | Not for loan | Home library | Current library | Shelving location | Date acquired | Total checkouts | Full call number | Barcode | Date last seen | Price effective from | Koha item type |
|---|---|---|---|---|---|---|---|---|---|---|---|---|---|
| Biblioteca Prof. Eusebio Cleto del Rey | Biblioteca Prof. Eusebio Cleto del Rey | 07/04/2026 | 330.34 D497 | L117931 | 07/04/2026 | 07/04/2026 | Libro |